|
|
|
|
| LEADER |
01285nta a2200289 i 4500 |
| 001 |
dokt12438 |
| 005 |
20250618144850.0 |
| 008 |
250114s2025 hu om 000 hun d |
| 024 |
7 |
|
|a 10.14232/phd.12438
|2 doi
|
| 024 |
7 |
|
|a 36144381
|2 mtmt
|
| 040 |
|
|
|a SZTE Doktori Repozitórium
|b hun
|
| 041 |
|
|
|a hun
|
| 100 |
2 |
|
|a Szabó Palócz Orsolya
|
| 245 |
1 |
2 |
|a A politikai ellenségképzés jelenségének egyes aspektusairól
|h [elektronikus dokumentum] /
|c Szabó Palócz Orsolya
|
| 246 |
1 |
0 |
|a On Some Aspects of the Phenomenon of Political Enemy-Construction
|h [elektronikus dokumentum]
|
| 260 |
|
|
|c 2025-02-05
|
| 300 |
|
|
|a 256
|
| 502 |
|
|
|a Disszertacio
|
| 650 |
|
4 |
|a állam- és jogtudományok
|
| 650 |
|
4 |
|a Jogtudomány
|
| 650 |
|
4 |
|a Politikatudomány
|
| 650 |
|
4 |
|a Politikaelmélet
|
| 700 |
0 |
1 |
|a Révész Béla
|e ths
|
| 700 |
0 |
1 |
|a Antal Tamás
|e ths
|
| 856 |
4 |
0 |
|u https://doktori.bibl.u-szeged.hu/id/eprint/12438/1/SzPO_disszert%C3%A1ci%C3%B3_2024.12.10_jav.kieg.pdf
|z Dokumentum-elérés
|
| 856 |
4 |
0 |
|u https://doktori.bibl.u-szeged.hu/id/eprint/12438/2/Szab%C3%B3%20Pal%C3%B3cz%20Orsolya_t%C3%A9zisf%C3%BCzet_HUN.pdf
|z Dokumentum-elérés
|
| 856 |
4 |
0 |
|u https://doktori.bibl.u-szeged.hu/id/eprint/12438/3/Szab%C3%B3%20Pal%C3%B3cz%20Orsolya_t%C3%A9zisf%C3%BCzet_ENG.pdf
|z Dokumentum-elérés
|